Statistics for Coldplay Songs by Synonyms

Click here to take the quiz!

General Stats

  • This quiz has been taken 115 times
  • The average score is 9 of 20

Answer Stats

SynonymsSong% Correct
The ResearcherThe Scientist
82%
Anthem for Saturday and SundayHymn for the Weekend
77%
GoldYellow
77%
HeavenParadise
73%
SorceryMagic
60%
Velocity of NoiseSpeed of Sound
54%
ChronographsClocks
51%
Each Weeping Globule is a CascadeEvery Teardrop Is a Waterfall
47%
My MacrocosmMy Universe
47%
Purple KnollViolet Hill
43%
Emerald OpticsGreen Eyes
41%
Anything Exactly Similar HereSomething Just Like This
41%
Heiress of CathayPrincess of China
39%
TrembleShiver
39%
Nativity IlluminationsChristmas Lights
28%
Stray!Lost!
28%
Eternal ShineEverglow
27%
The Most Arduous PortionThe Hardest Part
24%
FoundlingsOrphans
22%
PaintInk
12%

Score Distribution

Percentile by Number Answered

Percent of People with Each Score

Your Score History

You have not taken this quiz